|
|
|
|
| LEADER |
00989cam a2200253 7i4500 |
| 001 |
0000036160 |
| 005 |
20190918090000.0 |
| 007 |
##ta |
| 008 |
190918s2019 my |
| 020 |
# |
# |
|a x
|
| 040 |
# |
# |
|a MATR
|
| 090 |
0 |
0 |
|a M 658.82025
|b CLI
|
| 245 |
0 |
0 |
|a CLICK Buyer's Guide 2019 :
|b 11th Malaysia GIFTS FAIR : AWESOME 11 :
|b 11th Malaysia GIFTS FAIR : AWESOME 11 :
|b Gifts, Premium & Stationery Directory in Malaysia.
|
| 264 |
# |
4 |
|a ♭.
|
| 264 |
# |
1 |
|a Petaling Jaya:
|b Malaysian Gifts & Premium Entrepreneur Association (MGPA),
|c 2019.
|
| 300 |
# |
# |
|a 224 pages:
|b illustrations;
|c 21 cm.
|
| 336 |
# |
# |
|a text
|2 rdacontent
|
| 337 |
# |
# |
|a unmediated
|2 rdamedia
|
| 338 |
# |
# |
|a volume
|2 rdacarrier
|
| 504 |
# |
# |
|a Includes bibliographical references and index
|
| 650 |
# |
0 |
|a Gifts
|a zMalaysia --
|x Catalogue
|
| 650 |
# |
0 |
|a Stationery products
|a zMalaysia --
|x Catalogue
|
| 999 |
|
|
|a 0000040766
|b Directories
|c Malaysia
|e Business Information Centre
|
| 999 |
|
|
|a 0000040765
|b Directories
|c Malaysia
|e Business Information Centre
|